000 00467nam a2200193Ia 4500
003 GCL
008 140319s9999 xx 000 0 eng d
040 _aGCL /
_cGCL
082 0 4 _a823
_bS A
100 1 _aSAID, KURBAN
245 1 0 _aALI AND NINO /
_cSAID, KURBAN
700 1 _aGRAMAN, JENIA
260 _a[S.N] :
_bPOCKET BOOK ،
_c1972
300 _a220 P
650 0 4 _aENGLISH LITERATURE
650 0 4 _aENGLISH FICTION
650 0 4 _aFICTION
942 _2ddc
_cBK
999 _c14879
_d14879